[Event "Leverkusen-ch op"]
[Site "Leverkusen"]
[Date "2005.03.21"]
[Round "7"]
[White "Teuber, Alfons"]
[Black "Pies, Gerhard"]
[Result "0-1"]
[WhiteElo "1167"]
[BlackElo "1344"]
[PlyCount "154"]
[EventDate "2005.01.10"]
[EventType "swiss"]
[EventRounds "9"]
[EventCountry "GER"]
[SourceTitle "EXT 2006"]
[Source "ChessBase"]
[SourceDate "2005.11.24"]
[SourceVersion "1"]
[SourceVersionDate "2005.11.24"]
[SourceQuality "1"]

1. e4 Nf6 2. e5 Nd5 3. d4 d6 4. c4 Nb6 5. exd6 exd6 6. d5 Be7 7. Nc3 0-0 8. Nf3 Bg4 9. Qd3 N8d7 10. h3 Nc5 11. Qd1 Bh5 12. Be2 Re8 13. Nd4 Bxe2 14. Ndxe2 Nxc4 15. 0-0 c6 16. b3 Nb6 17. b4 Ncd7 18. dxc6 bxc6 19. b5 Rc8 20. a4 Nc5 21. a5 Nc4 22. Nd4 Nxa5 23. Nxc6 Nxc6 24. bxc6 Rxc6 25. Rxa7 Qb8 26. Ra3 Ne6 27. Nd5 Bg5 28. Rc3 Rxc3 29. Nxc3 Bxc1 30. Qxc1 Rc8 31. Qe3 Qb3 32. Rc1 d5 33. Ne2 Rxc1+ 34. Qxc1 Qc4 35. Qb2 Kf8 36. Qb8+ Ke7 37. Qa7+ Kf6 38. Qa1+ d4 39. Ng3 Qd5 40. f3 Kg6 41. Ne4 d3 42. Qc3 Nf4 43. Qd2 Qd4+ 44. Kh2 Ne6 45. g4 f5 46. gxf5+ Kxf5 47. Ng3+ Ke5 48. Ne4 Nf4 49. Qf2 Qxf2+ 50. Nxf2 d2 51. Nd1 Kd4 52. h4 Kd3 53. Kg3 Ke2 54. Nc3+ Kd3 55. Nd1 Ne2+ 56. Kf2 Nc3 57. Ne3 d1Q 58. Nxd1 Nxd1+ 59. Kg3 Ne3 60. h5 Kd4 61. Kf4 h6 62. Kg3 Ke5 63. Kf2 Nd5 64. Kg3 Nf4 65. Kg4 Ne6 66. Kg3 Kf5 67. Kf2 Kg5 68. Kg3 Kxh5 69. f4 g6 70. Kf3 Kh4 71. Ke4 Kg4 72. f5 gxf5+ 73. Ke3 Kg3 74. Ke2 Kg2 75. Ke1 f4 76. Ke2 f3+ 77. Ke3 f2 0-1

[Event "Leverkusen-ch op"]
[Site "Leverkusen"]
[Date "2005.01.17"]
[Round "2"]
[White "Pies, Gerhard"]
[Black "Dramiga, Joe"]
[Result "0-1"]
[WhiteElo "1344"]
[BlackElo "1732"]
[PlyCount "58"]
[EventDate "2005.01.10"]
[EventType "swiss"]
[EventRounds "9"]
[EventCountry "GER"]
[SourceTitle "EXT 2006"]
[Source "ChessBase"]
[SourceDate "2005.11.24"]
[SourceVersion "1"]
[SourceVersionDate "2005.11.24"]
[SourceQuality "1"]

1. b4 d5 2. Bb2 e6 3. Nf3 Nf6 4. b5 Bd6 5. e3 0-0 6. Be2 c5 7. c4 Nbd7 8. 0-0 b6 9. d4 Bb7 10. Nbd2 cxd4 11. exd4 Qe7 12. Qb3 Bb4 13. Bc3 Bxc3 14. Qxc3 Rfc8 15. a4 Rc7 16. a5 Rac8 17. Ra4 dxc4 18. Rxc4 Nd5 19. Qc1 bxa5 20. Rxc7 Rxc7 21. Qa1 Nf4 22. Re1 Qb4 23. Ne5 Qxd2 24. Bf3 Nxe5 25. dxe5 Bxf3 26. gxf3 Rc2 27. Rf1 Nh3+ 28. Kg2 Nxf2 29. Kg3 Qg5# 0-1

[Event "Leverkusen op"]
[Site "Leverkusen"]
[Date "2004.04.30"]
[Round "9"]
[White "Rosenauer, Horst"]
[Black "Pies, Gerhard"]
[Result "1-0"]
[WhiteElo "1727"]
[BlackElo "1275"]
[PlyCount "53"]
[EventDate "2004.01.12"]
[EventType "swiss"]
[EventRounds "9"]
[EventCountry "GER"]
[SourceTitle "EXT 2006"]
[Source "ChessBase"]
[SourceDate "2005.11.24"]
[SourceVersion "1"]
[SourceVersionDate "2005.11.24"]
[SourceQuality "1"]

1. e4 Nf6 2. e5 Nd5 3. d4 d6 4. exd6 exd6 5. Bd3 Nc6 6. Ne2 Be7 7. 0-0 0-0 8. c3 f5 9. Qb3 Be6 10. Qxb7 Qd7 11. Bb5 Rab8 12. Qxc6 Rxb5 13. Qxd7 Bxd7 14. c4 Nb4 15. cxb5 Nc2 16. Na3 Nxa1 17. Bd2 Nc2 18. Nxc2 Bxb5 19. Re1 g5 20. Nc3 Bd3 21. Rxe7 Bxc2 22. Bxg5 h6 23. Bxh6 Rf6 24. Bf4 c5 25. Nd5 Rg6 26. Re2 Be4 27. Ne7+ 1-0

[Event "Leverkusen op"]
[Site "Leverkusen"]
[Date "2004.01.26"]
[Round "2"]
[White "Bissmann, Stefan"]
[Black "Pies, Gerhard"]
[Result "1-0"]
[WhiteElo "1740"]
[BlackElo "1275"]
[PlyCount "59"]
[EventDate "2004.01.12"]
[EventType "swiss"]
[EventRounds "9"]
[EventCountry "GER"]
[SourceTitle "EXT 2006"]
[Source "ChessBase"]
[SourceDate "2005.11.24"]
[SourceVersion "1"]
[SourceVersionDate "2005.11.24"]
[SourceQuality "1"]

1. e4 Nf6 2. e5 Nd5 3. c4 Nb6 4. d4 d6 5. f4 dxe5 6. fxe5 Bf5 7. Be3 e6 8. a3 Nc6 9. Nf3 f6 10. exf6 Qxf6 11. Nc3 0-0-0 12. Bg5 Rxd4 13. Bxf6 Rxd1+ 14. Rxd1 gxf6 15. b4 a5 16. c5 axb4 17. axb4 Nd7 18. Bb5 Ndb8 19. Na2 Bc2 20. Rd2 Bb1 21. Nc3 Bf5 22. Rb2 b6 23. Na4 bxc5 24. Bxc6 Nxc6 25. bxc5 Ne5 26. Nxe5 fxe5 27. 0-0 Bh6 28. Rf3 e4 29. Rfb3 Kd7 30. Re2 1-0